<?xml version="1.0" encoding="UTF-8"?>
<record
    xmlns:xsi="http://www.w3.org/2001/XMLSchema-instance"
    xsi:schemaLocation="http://www.loc.gov/MARC21/slim http://www.loc.gov/standards/marcxml/schema/MARC21slim.xsd"
    xmlns="http://www.loc.gov/MARC21/slim">

  <leader>05698nam a2200529 i 4500</leader>
  <controlfield tag="001">9952612515005158</controlfield>
  <controlfield tag="005">20260310113526.0</controlfield>
  <controlfield tag="006">m     o  d |      </controlfield>
  <controlfield tag="007">cr#cnu||||||||</controlfield>
  <controlfield tag="008">221118s2022    njua    ob    001 0 eng d</controlfield>
  <datafield tag="020" ind1=" " ind2=" ">
    <subfield code="a">9781119457145</subfield>
    <subfield code="q">(hardcover)</subfield>
  </datafield>
  <datafield tag="020" ind1=" " ind2=" ">
    <subfield code="a">9781119457176</subfield>
  </datafield>
  <datafield tag="020" ind1=" " ind2=" ">
    <subfield code="a">1119457173</subfield>
  </datafield>
  <datafield tag="020" ind1=" " ind2=" ">
    <subfield code="a">9781119457169</subfield>
  </datafield>
  <datafield tag="020" ind1=" " ind2=" ">
    <subfield code="a">1119457165</subfield>
  </datafield>
  <datafield tag="020" ind1=" " ind2=" ">
    <subfield code="a">9781119457190</subfield>
  </datafield>
  <datafield tag="020" ind1=" " ind2=" ">
    <subfield code="a">111945719X</subfield>
  </datafield>
  <datafield tag="024" ind1="7" ind2=" ">
    <subfield code="a">10.1002/9781119457176</subfield>
    <subfield code="2">doi</subfield>
  </datafield>
  <datafield tag="035" ind1=" " ind2=" ">
    <subfield code="a">(MiAaPQ)EBC6953218</subfield>
  </datafield>
  <datafield tag="035" ind1=" " ind2=" ">
    <subfield code="a">(Au-PeEL)EBL6953218</subfield>
  </datafield>
  <datafield tag="035" ind1=" " ind2=" ">
    <subfield code="a">(CKB)21511122000041</subfield>
  </datafield>
  <datafield tag="035" ind1=" " ind2=" ">
    <subfield code="a">(CaSebORM)9781119457145</subfield>
  </datafield>
  <datafield tag="035" ind1=" " ind2=" ">
    <subfield code="a">(OCoLC)1312173636</subfield>
  </datafield>
  <datafield tag="035" ind1=" " ind2=" ">
    <subfield code="a">(OCoLC-P)1312173636</subfield>
  </datafield>
  <datafield tag="035" ind1=" " ind2=" ">
    <subfield code="a">(Perlego)3462064</subfield>
  </datafield>
  <datafield tag="035" ind1=" " ind2=" ">
    <subfield code="a">(EXLCZ)9921511122000041</subfield>
  </datafield>
  <datafield tag="040" ind1=" " ind2=" ">
    <subfield code="a">MiAaPQ</subfield>
    <subfield code="b">eng</subfield>
    <subfield code="e">rda</subfield>
    <subfield code="e">pn</subfield>
    <subfield code="c">MiAaPQ</subfield>
    <subfield code="d">MiAaPQ</subfield>
  </datafield>
  <datafield tag="041" ind1=" " ind2=" ">
    <subfield code="a">English</subfield>
  </datafield>
  <datafield tag="043" ind1=" " ind2=" ">
    <subfield code="a">ff-----</subfield>
  </datafield>
  <datafield tag="050" ind1=" " ind2="4">
    <subfield code="a">HF5681.B2</subfield>
    <subfield code="b">.F753 2022</subfield>
  </datafield>
  <datafield tag="100" ind1=" " ind2=" ">
    <subfield code="a">Fridson, Martin S</subfield>
    <subfield code="e">author.</subfield>
    <subfield code="9">21097</subfield>
  </datafield>
  <datafield tag="245" ind1="1" ind2="0">
    <subfield code="a">Financial statement analysis </subfield>
    <subfield code="b">: a practitioner's guide </subfield>
    <subfield code="c">/ Martin S. Fridson and Fernando Alvarez.</subfield>
  </datafield>
  <datafield tag="250" ind1=" " ind2=" ">
    <subfield code="a">Fifth edition.</subfield>
  </datafield>
  <datafield tag="264" ind1=" " ind2="1">
    <subfield code="a">Hoboken, New Jersey :</subfield>
    <subfield code="b">John Wiley &amp; Sons,</subfield>
    <subfield code="c">[2022]</subfield>
  </datafield>
  <datafield tag="264" ind1=" " ind2="4">
    <subfield code="c">&#xA9;2022</subfield>
  </datafield>
  <datafield tag="300" ind1=" " ind2=" ">
    <subfield code="a">xvi, 428 pages : &#x1C2;b illustrations (some color)</subfield>
  </datafield>
  <datafield tag="490" ind1="1" ind2=" ">
    <subfield code="a">Wiley Finance Series.</subfield>
  </datafield>
  <datafield tag="504" ind1=" " ind2=" ">
    <subfield code="a">Includes bibliographical references and index.</subfield>
  </datafield>
  <datafield tag="505" ind1="0" ind2=" ">
    <subfield code="a">Part 1 Reading Between the Lines. Chapter 1. The Adversarial Nature of Financial Reporting ; The Purpose of Financial Reporting ; The Flaws in the Reasoning ; Small Profits and Big Baths ; Maximizing Growth Expectations ; Downplaying Contingencies ; The Importance of Being Skeptical ; Conclusion &#x2014; Part 2. The Basic Financial Statements. Chapter 2. The Balance Sheet ; The Value Problem ; Comparability Problems in the Valuation of Financial Assets ; Instantaneous Wipeout of Value ; How Good Is Goodwill? ; Losing Value the Old&#x2010;Fashioned Way ; True Equity Is Elusive ; Book Value May Overstate Reality ; Pros and Cons of a Market&#x2010;Based Equity Figure ; The Common Form Balance Sheet ; Conclusion. Chapter 3. The Income Statement ; Making the Numbers Talk ; How Real Are the Numbers? ; Conclusion. Chapter 4. The Statement of Cash Flows ; The Cash Flow Statement and the Leveraged Buyout ; Analytical Applications ; In Defense of Slack ; Conclusion &#x2014; Part 3. A Closer Look at Profits. Chapter 5. What Is Profit? ; Bona Fide Profits versus Accounting Profits ; Which Costs Count? ; Conclusion. Chapter 6. Revenue Recognition ; Making It Up at Gowex ; Globo's Foreseen Fall from Grace ; Channel&#x2010;Stuffing in the Drug Business ; A Second Take on Earnings ; Making the Numbers at M/A&#x2010;Com ; Astray on Layaway ; Recognizing Membership Fees ; A Potpourri of Liberal Revenue Recognition Techniques ; Fattening Earnings with Empty Calories ; Tardy Disclosure at Halliburton ; Managing Earnings with Rainy Day Reserves ; Fudging the Numbers: A Systematic Problem ; Conclusion. Chapter 7. Expense Recognition ; Diamond Foods's Movable Expenses ; Nortel's Deferred Profit Plan ; Grasping for Earnings at General Motors.</subfield>
  </datafield>
  <datafield tag="520" ind1=" " ind2=" ">
    <subfield code="a">The updated, real-world guide to interpreting and unpacking GAAP and non-GAAP financial statements
In Financial Statement Analysis, 5th Edition, leading investment authority Martin Fridson returns with Fernando Alvarez to provide the analytical framework you need to scrutinize financial statements, whether you're evaluating a company's stock price or determining valuations for a merger or acquisition. Rather than taking financial statements at face value, you'll learn practical and straightforward analytical techniques for uncovering the reality behind the numbers. This fully revised and up-to-date 5th Edition offers fresh information that will help you to evaluate financial statements in today's volatile markets and uncertain economy. The declining connection between GAAP earnings and stock prices has introduced a need to discriminate between instructive and misleading non-GAAP alternatives. This book integrates the alternatives and provides guidance on understanding the extent to which non-GAAP reports, particularly from US companies, may be biased.

Understanding financial statements is an essential skill for business professionals and investors. Most books on the subject proceed from the questionable premise that companies' objective is to present a true picture of their financial condition. A safer assumption is that they seek to minimize the cost of raising capital by portraying themselves in the most favorable light possible. Financial Statement Analysis teaches readers the tricks that companies use to mislead, so readers can more clearly interpret statements.

Learn how to read and understand financial statements prepared according to GAAP and non-GAAP standards
Compare CFROI, EVA, Valens, and other non-GAAP methodologies to determine how accurate companies' reports are
Improve your business decision making, stock valuations, or merger and acquisition strategy
Develop the essential skill of quickly and accurately gathering and assessing information from financial statements of all types
Professional analysts, investors, and students will gain valuable knowledge from this updated edition of the popular guide. Filled with real-life examples and expert advice, Financial Statement Analysis, 5th Edition, will help you interpret and unpack financial statements.</subfield>
  </datafield>
  <datafield tag="650" ind1=" " ind2="0">
    <subfield code="a">Financial statements</subfield>
    <subfield code="9">2479</subfield>
  </datafield>
  <datafield tag="650" ind1=" " ind2="0">
    <subfield code="a">Ratio analysis</subfield>
    <subfield code="9">11414</subfield>
  </datafield>
  <datafield tag="700" ind1=" " ind2=" ">
    <subfield code="a">Alvarez, Fernando</subfield>
    <subfield code="d">1964-</subfield>
    <subfield code="e">author.</subfield>
  </datafield>
  <datafield tag="830" ind1=" " ind2="0">
    <subfield code="a">Wiley Finance Series.</subfield>
  </datafield>
  <datafield tag="856" ind1=" " ind2=" ">
    <subfield code="u">https://research.ebsco.com/plink/b8ddb86e-80f4-3a55-8979-6ad93450ce6d</subfield>
  </datafield>
  <datafield tag="942" ind1=" " ind2=" ">
    <subfield code="2">lcc</subfield>
  </datafield>
  <datafield tag="952" ind1=" " ind2=" ">
    <subfield code="0">0</subfield>
    <subfield code="1">0</subfield>
    <subfield code="2">lcc</subfield>
    <subfield code="4">0</subfield>
    <subfield code="7">0</subfield>
    <subfield code="a">TBS</subfield>
    <subfield code="b">TBS</subfield>
    <subfield code="d">2026-03-10</subfield>
    <subfield code="l">0</subfield>
    <subfield code="r">2026-03-10</subfield>
    <subfield code="t">1</subfield>
    <subfield code="u">https://research.ebsco.com/plink/b8ddb86e-80f4-3a55-8979-6ad93450ce6d</subfield>
    <subfield code="w">2026-03-10</subfield>
    <subfield code="y">EBOOK</subfield>
  </datafield>
  <datafield tag="952" ind1=" " ind2=" ">
    <subfield code="0">0</subfield>
    <subfield code="1">0</subfield>
    <subfield code="2">lcc</subfield>
    <subfield code="4">0</subfield>
    <subfield code="7">0</subfield>
    <subfield code="a">TBS</subfield>
    <subfield code="b">TBS</subfield>
    <subfield code="d">2026-03-10</subfield>
    <subfield code="l">0</subfield>
    <subfield code="o">HF5681.B2 FRID</subfield>
    <subfield code="r">2026-03-10</subfield>
    <subfield code="t">1</subfield>
    <subfield code="w">2026-03-10</subfield>
    <subfield code="y">1</subfield>
    <subfield code="z">PAPERBACK SOON AVAILABLE</subfield>
  </datafield>
  <datafield tag="999" ind1=" " ind2=" ">
    <subfield code="c">5406</subfield>
    <subfield code="d">5406</subfield>
  </datafield>
</record>
